Trono de vidro (Record no. 62859)

MARC details
000 -LÍDER
campo de controle de tamanho fixo 00335 a2200157 4500
001 - NÚMERO DE CONTROLE
campo de controle 62859
020 ## - ISBN - INTERNATIONAL STANDARD BOOK NUMBER
ISBN - International Standard Book Number 9788501401397
040 ## - FONTE DA CATALOGAÇÃO
Instituição que transcreveu o registro Anchieta - Pituba
100 ## - ENTRADA PRINCIPAL--NOME PESSOAL
Nome pessoal MAAS, Sarah J
240 10 - TÍTULO UNIFORME
Título uniforme Trono de vidro
Idioma da obra por
245 10 - TÍTULO
Título Trono de vidro
300 ## - DESCRIÇÃO FÍSICA
Extensão 404
362 0# - DATAS DE PUBLICAÇÃO E/OU DESIGNAÇÃO SEQUENCIAL
Datas de publicação e/ou designação sequencial 2014
650 #4 - ASSUNTO--TERMO TÓPICO
Cabeçalho tópico ou nome geográfico Ficção norte-americana
942 ## - ELEMENTOS DE ENTRADA ADICIONADOS (KOHA)
Tipo de material Koha Livros
Holdings
Situação do descarte Situação das perdas Situação física Não pode ser emprestado Biblioteca de origem Biblioteca atual Data de aquisição Total de empréstimos Número de chamada completo Código de barras Data de último acesso Data do último empréstimo Data do preço efetivo Tipo de material Koha
        Colégio Anchieta - Pituba Colégio Anchieta - Pituba 21/11/2023 1 813 M111t MAA TRO 16116/PIT 09/04/2024 09/04/2024 21/11/2023 Livros